000 00461nam a22001817a 4500
003 MPLRDC
005 20220104123740.0
008 210129b ||||| |||| 00| 0 eng d
082 _a802.29 YZC
100 _a杨再春
245 _a字的结构与章法
_c
250 _a一版一刷
260 _a
_b北京体育学院出版社
_c1987
300 _b
490 _a中国书法系列丛书
650 _a中国文字--字体
942 _cBK
_o802.29 YZC
999 _c13884
_d13874